Normal view
MARC view
Entry Topical Term
001 - CONTROL NUMBER
- control field: 15530
003 - CONTROL NUMBER IDENTIFIER
- control field: ARRUPE
005 - DATE AND TIME OF LATEST TRANSACTION
- control field: 20150225130356.0
008 - FIXED-LENGTH DATA ELEMENTS
- fixed length control field: 150225|| aca||aabn | a|a d
040 ## - CATALOGING SOURCE
- Original cataloging agency: ARRUPE
- Transcribing agency: ARRUPE
150 ## - HEADING--TOPICAL TERM
- Topical term or geographic name as entry element: Teachers
- General subdivision: Training of
- Geographic subdivision: Zimbabwe
- General subdivision: History
- Chronological subdivision: 20th century.
670 ## - SOURCE DATA FOUND
- Source citation: Work cat.: (ARRUPE)0: Chiromo, Alois S. 15529, A history of teacher education in Zimbabwe, 1939-1999 /, c2007.